[Event "EU-ch rapid"]
[Site "Tallinn"]
[Date "2016.12.15"]
[Round "6"]
[White "Turov, Maxim"]
[Black "Llobel Cortell, Enrique"]
[Result "1-0"]
[WhiteElo "2594"]
[BlackElo "2399"]
[PlyCount "113"]
[EventDate "2016.12.15"]
[EventType "swiss (rapid)"]
[EventRounds "11"]
[EventCountry "EST"]
[SourceTitle "CBM 176 Extra"]
[Source "ChessBase"]
[SourceDate "2017.03.02"]
[SourceVersion "1"]
[SourceVersionDate "2017.03.02"]
[SourceQuality "1"]

1. d4 Nf6 2. c4 Nc6 3. Nc3 e5 4. d5 Ne7 5. h4 Neg8 6. Nf3 Ng4 7. a3 Bc5 8. Ne4 d6 9. Nxc5 dxc5 10. Ng5 h6 11. Ne4 b6 12. f3 N4f6 13. Nc3 Nh5 14. g4 Ng3 15. Rh2 Nxf1 16. Kxf1 f5 17. gxf5 Bxf5 18. e4 Bd7 19. Ke2 Nf6 20. Qg1 Qe7 21. Qg6+ Qf7 22. Qxf7+ Kxf7 23. h5 Rag8 24. Be3 a5 25. Nd1 g6 26. hxg6+ Rxg6 27. Nf2 Ba4 28. Nd3 Nd7 29. f4 Bc2 30. Nxe5+ Nxe5 31. fxe5 Bxe4 32. Rf1+ Ke8 33. Rf4 Rg2+ 34. Rxg2 Bxg2 35. Rg4 Bh3 36. Rg7 Rf8 37. Bxh6 Bf1+ 38. Ke3 Bxc4 39. Rxc7 Rf1 40. d6 Rf7 41. Rc6 Kd7 42. Rxb6 Ke6 43. Rc6 Kxe5 44. Rxc5+ Bd5 45. Bf4+ Ke6 46. Rxa5 Rh7 47. Kd4 Bc6 48. Re5+ Kd7 49. Kc5 Bf3 50. Bg5 Rh5 51. b4 Bg4 52. a4 Rh1 53. Re7+ Kc8 54. Rc7+ Kb8 55. Rg7 Kc8 56. Kc6 Bd7+ 57. Rxd7 1-0

[Event "Madrid Neoclassical op 2nd"]
[Site "Madrid"]
[Date "2016.06.04"]
[Round "5"]
[White "Anton Guijarro, David"]
[Black "Llobel Cortell, Enrique"]
[Result "1-0"]
[WhiteElo "2627"]
[BlackElo "2399"]
[PlyCount "51"]
[EventDate "2016.06.04"]
[EventType "swiss (rapid)"]
[EventRounds "8"]
[EventCountry "ESP"]
[SourceTitle "CBM 172 Extra"]
[Source "ChessBase"]
[SourceDate "2016.06.21"]
[SourceVersion "1"]
[SourceVersionDate "2016.06.21"]
[SourceQuality "1"]

1. d4 e6 2. c4 f5 3. g3 Nf6 4. Bg2 Bb4+ 5. Bd2 Bxd2+ 6. Qxd2 0-0 7. Nf3 d6 8. 0-0 Ne4 9. Qc2 Nc6 10. Nc3 Nxc3 11. Qxc3 Qf6 12. e3 e5 13. b4 exd4 14. Nxd4 Nxd4 15. Qxd4 Be6 16. Rac1 Qxd4 17. exd4 Rab8 18. Rfe1 Rfe8 19. a4 Kf8 20. b5 Bd7 21. Re3 Rxe3 22. fxe3 Ke7 23. Kf2 c5 24. Ke2 b6 25. Kd3 Bc8 26. Bc6 1-0

[Event "Andorra op 26th"]
[Site "La Massana"]
[Date "2008.07.25"]
[Round "7"]
[White "Llobel Cortell, Enrique"]
[Black "Buchkremer, Felix"]
[Result "1/2-1/2"]
[WhiteElo "2393"]
[BlackElo "2069"]
[PlyCount "120"]
[EventDate "2008.07.19"]
[EventType "swiss"]
[EventRounds "9"]
[EventCountry "AND"]
[SourceTitle "CBM 125 Extra"]
[Source "ChessBase"]
[SourceDate "2008.09.01"]
[SourceVersion "1"]
[SourceVersionDate "2008.09.01"]
[SourceQuality "1"]

1. e4 e6 2. d4 d5 3. Nd2 a6 4. Ngf3 Nf6 5. Bd3 c5 6. e5 Nfd7 7. c3 Nc6 8. 0-0 g5 9. dxc5 g4 10. Nd4 Ncxe5 11. Be2 Bxc5 12. Bxg4 Qh4 13. Be2 Rg8 14. f4 Qh3 15. Bf3 Nxf3+ 16. Qxf3 Qxf3 17. N2xf3 Nf6 18. Be3 Bd7 19. Rfe1 Ne4 20. Nb3 Bxe3+ 21. Rxe3 f6 22. Nbd2 Nd6 23. Rae1 Kf7 24. Nd4 Rae8 25. Kf2 Rg7 26. R1e2 Reg8 27. Kf1 Re8 28. Kf2 Reg8 29. g3 Re8 30. Re1 Rgg8 31. Kg1 Re7 32. N4b3 b6 33. Nd4 Rge8 34. N4f3 Bb5 35. Nd4 Bd7 36. Nc2 a5 37. Rf3 Kg7 38. Rf2 e5 39. Rd1 Bg4 40. Re1 Bd7 41. fxe5 fxe5 42. Ne3 Bc6 43. Nf5+ Nxf5 44. Rxf5 d4 45. a3 d3 46. Rff1 e4 47. Re3 b5 48. Rf5 Re5 49. Rxe5 Rxe5 50. Kf2 Kf6 51. Re1 Rh5 52. h4 Rf5+ 53. Ke3 Ke5 54. Rg1 a4 55. Rc1 Bd5 56. Rg1 h5 57. Rg2 Rf7 58. Rg1 Rf8 59. Rg2 Rf7 60. Rg1 Rf8 1/2-1/2